[Event "ICS rated standard match"]
[Site "204.178.125.65"]
[Date "2000.05.29"]
[Round "?"]
[White "Hossa"]
[Black "Beadle"]
[Result "1/2-1/2"]
[WhiteElo "2319"]
[BlackElo "2453"]
[PlyCount "365"]
[EventDate "2000.??.??"]

1. e4 e5 2. d4 exd4 3. Qxd4 Nc6 4. Qa4 Nf6 5. Nc3 Bb4 6. Bd2 O-O 7. f3 a6 8.
O-O-O d6 9. Nge2 Bxc3 10. Bxc3 b5 11. Qa3 Be6 12. Nd4 Nxd4 13. Bxd4 Nd7 14. Kb1
f6 15. f4 Re8 16. Be2 c5 17. Bg1 Qb8 18. Bf3 a5 19. Qd3 Ra6 20. Bf2 Kh8 21.
Rhg1 Rc8 22. g4 c4 23. Qd4 c3 24. g5 Rc4 25. Qd3 cxb2 26. gxf6 Nxf6 27. Bd4 Ra4
28. a3 b4 29. Kxb2 Rc6 30. Kc1 b3 31. Bb2 Rxc2+ 32. Kb1 Qc7 33. Rg2 Rxg2 34.
Bxg2 Bg8 35. e5 dxe5 36. fxe5 Ng4 37. Rc1 Rc4 38. Rxc4 Qxc4 39. Qxc4 Bxc4 40.
h4 Ne3 41. Bc6 Kg8 42. Bd4 Nf5 43. Bf2 Ne7 44. Ba4 Ng6 45. Bg3 Kf7 46. h5 Nf8
47. Kb2 Ke6 48. Be1 g5 49. Bxa5 g4 50. Bb4 Nd7 51. Bxd7+ Kxd7 52. Bc5 Ke6 53.
a4 g3 54. a5 Kxe5 55. a6 Bxa6 56. Kxb3 Kd5 57. Kb4 h6 58. Bb6 Be2 59. Kc3 g2
60. Kd2 Bxh5 61. Ke1 Bg6 62. Kf2 Be4 63. Kg3 Ke5 64. Kg4 Kf6 65. Bd4+ Kg6 66.
Kf4 Bc6 67. Kg3 Kg5 68. Bg1 Ba8 69. Bc5 Bb7 70. Be7+ Kf5 71. Bc5 Bd5 72. Kh3
Kf4 73. Bg1 h5 74. Kh4 Bf7 75. Kh3 Kf3 76. Kh2 Be6 77. Bf2 Bd5 78. Kg1 Kg4 79.
Bb6 h4 80. Kf2 h3 81. Kg1 Kg3 82. Bf2+ Kf3 83. Bc5 Kf4 84. Kh2 Be6 85. Kg1 Bf5
86. Kf2 Bd3 87. Be3+ Kg4 88. Bc5 Be4 89. Bd6 Bd5 90. Bh2 Bf3 91. Bg1 Bb7 92.
Bh2 Bc6 93. Be5 Bf3 94. Bh2 Bd5 95. Be5 Bc6 96. Kg1 Kf3 97. Bd6 Bb5 98. Kh2 Bc4
99. Bc5 Be6 100. Kg1 Bf5 101. Bd6 Bd3 102. Kh2 Be4 103. Bb4 Bf5 104. Bc5 Bd7
105. Kg1 Be6 106. Ba7 Bf5 107. Bc5 Be4 108. Kh2 Kg4 109. Kg1 Kg3 110. Bf2+ Kf3
111. Bc5 Bd5 112. Kh2 Kg4 113. Kg1 Be4 114. Bd6 Bb7 115. Kf2 Bc8 116. Bh2 Bd7
117. Bg1 Bc6 118. Bh2 Ba8 119. Bd6 Kg5 120. Bh2 Be4 121. Kg3 Bf5 122. Bg1 Kf6
123. Kf4 Bd7 124. Bh2 Be6 125. Ke3 Kf5 126. Kf3 Bd7 127. Kf2 Kf6 128. Kf3 Bf5
129. Kf4 Bc8 130. Kg3 g1=Q+ 131. Bxg1 Ke5 132. Bf2 Ke4 133. Bg1 Kd5 134. Bf2
Bf5 135. Bg1 Ke4 136. Bf2 Bg4 137. Bg1 Be6 138. Bf2 Bf5 139. Bg1 Kd5 140. Bf2
Be6 141. Bg1 Ke5 142. Bf2 Bc8 143. Bg1 Bd7 144. Bf2 Bf5 145. Bg1 Kd6 146. Bf2
Bc8 147. Bg1 Bd7 148. Bf2 Ke5 149. Bg1 Ke4 150. Bf2 Be6 151. Bg1 Kd5 152. Be3
Bd7 153. Bf2 Ke4 154. Bg1 Kd3 155. Bf2 Be6 156. Bg1 Kc4 157. Bf2 Bf5 158. Bg1
Kd3 159. Bf2 Bd7 160. Bg1 Be6 161. Bf2 Kc3 162. Bg1 Bc8 163. Bf2 Kd3 164. Bg1
Kc4 165. Bf2 Kd5 166. Bg1 Kd6 167. Be3 Be6 168. Bd2 Kc5 169. Be1 Kd5 170. Bd2
Bf5 171. Be1 Kd4 172. Bd2 Bg4 173. Be1 Kd5 174. Bd2 Bd7 175. Be1 Kc6 176. Bd2
Bf5 177. Be1 Bc8 178. Bd2 Bd7 179. Be1 Kc5 180. Bd2 Kd4 181. Be1 h2 182. Bf2+
Ke4 183. Kxh2 1/2-1/2

[Event "ICS rated standard match"]
[Site "204.178.125.65"]
[Date "2000.05.29"]
[Round "?"]
[White "ssech"]
[Black "Hossa"]
[Result "0-1"]
[WhiteElo "1955"]
[BlackElo "2325"]
[PlyCount "62"]
[EventDate "2000.??.??"]

1. d4 Nf6 2. c4 g6 3. Nc3 d6 4. e4 Bg7 5. Nf3 O-O 6. Be2 e5 7. O-O exd4 8. Nxd4
Nfd7 9. Be3 Nc6 10. Qd2 Nxd4 11. Bxd4 Bxd4 12. Qxd4 a5 13. f4 Nc5 14. Rad1 Ne6
15. Qd5 Bd7 16. f5 gxf5 17. exf5 Bc6 18. Qd3 Qg5 19. Ne4 Bxe4 20. Qxe4 Nc5 21.
Qf3 Qf6 22. b3 Kh8 23. g4 Qb2 24. Rf2 Qxa2 25. Qc3+ f6 26. g5 Ne4 27. Qh3 Nxf2
28. Kxf2 Rae8 29. Re1 fxg5 30. Qg4 Re5 31. Kg1 Qd2 {ssech resigns} 0-1

[Event "ICS Rated standard match"]
[Site "204.178.125.65"]
[Date "2000.05.29"]
[Round "?"]
[White "Hossa"]
[Black "ssech"]
[Result "1-0"]
[WhiteElo "2328"]
[BlackElo "1952"]
[PlyCount "99"]
[EventDate "2000.??.??"]

1. e4 e6 2. d4 d5 3. exd5 exd5 4. Nf3 Nf6 5. Bd3 Bd6 6. Qe2+ Be6 7. Ng5 Qd7 8.
Nc3 O-O 9. Be3 Bf5 10. Bxf5 Qxf5 11. O-O-O Nc6 12. Nb5 Rfe8 13. Nxd6 cxd6 14.
h4 Rac8 15. Kb1 Nb4 16. Rc1 h6 17. Nf3 Rc4 18. a3 Nc6 19. b3 Nxd4 20. Nxd4 Rxd4
21. Qf3 Qxf3 22. gxf3 Rxe3 23. fxe3 Rd2 24. Rcd1 Re2 25. Rde1 Rf2 26. Rh3 Kh7
27. Kb2 g6 28. Kc1 Kg7 29. b4 Nd7 30. Rd1 Nb6 31. e4 dxe4 32. fxe4 Nc4 33. Rc3
Ne5 34. Rc7 Rf4 35. Rxb7 Rxe4 36. Rxa7 Rxh4 37. Rxd6 Nc4 38. Rd1 Rf4 39. a4 h5
40. a5 h4 41. Rad7 Ne5 42. R7d4 Rxd4 43. Rxd4 g5 44. Rd5 h3 45. Rxe5 h2 46. Re1
g4 47. a6 g3 48. a7 g2 49. a8=Q g1=Q 50. Qh1 {ssech resigns} 1-0

[Event "ICS rated standard match"]
[Site "204.178.125.65"]
[Date "2000.05.29"]
[Round "?"]
[White "Beadle"]
[Black "Hossa"]
[Result "1-0"]
[WhiteElo "2447"]
[BlackElo "2331"]
[PlyCount "129"]
[EventDate "2000.??.??"]

1. d4 Nf6 2. c4 g6 3. Nc3 d6 4. e4 Bg7 5. f3 O-O 6. Bg5 Nbd7 7. Bd3 e6 8. Nge2
c5 9. Be3 b6 10. O-O Kh8 11. Kh1 Bb7 12. Qd2 cxd4 13. Nxd4 Ne5 14. Rac1 Nxd3
15. Qxd3 Nd7 16. b3 a6 17. Qd2 Qe7 18. Rfd1 Rfd8 19. Bg5 Nf6 20. Nde2 Rac8 21.
Be3 Rc6 22. e5 Ne8 23. Bf4 d5 24. cxd5 exd5 25. Nd4 Rc7 26. Re1 Qb4 27. Na4
Qxd2 28. Bxd2 Rxc1 29. Bxc1 b5 30. Nc5 Rb8 31. Bf4 Kg8 32. Rd1 Ba8 33. Nxa6 Rb6
34. Nc5 h6 35. Rc1 Bc6 36. Be3 Bf8 37. e6 fxe6 38. Ncxe6 Bd7 39. Nxf8 Kxf8 40.
Bxh6+ Kf7 41. h4 Ra6 42. Rc2 Nf6 43. Bg5 Nh7 44. Rc5 Nxg5 45. hxg5 b4 46. Rxd5
Ke8 47. Re5+ Kf7 48. Re2 Bc8 49. Kh2 Bd7 50. g4 Ra5 51. Kg3 Kf8 52. f4 Kf7 53.
Nf3 Be8 54. f5 Kf8 55. Ne5 Rd5 56. Kf4 Rd1 57. fxg6 Kg7 58. Rc2 Rf1+ 59. Kg3
Re1 60. Rc7+ Kg8 61. Rc5 Kf8 62. Kf4 Rf1+ 63. Ke4 Re1+ 64. Kf5 Rf1+ 65. Ke6 {
Hossa resigns} 1-0

[Event "ICS rated standard match"]
[Site "204.178.125.65"]
[Date "2000.05.29"]
[Round "?"]
[White "Hossa"]
[Black "MissSilicon"]
[Result "0-1"]
[WhiteElo "2320"]
[BlackElo "2411"]
[PlyCount "82"]
[EventDate "2000.??.??"]

1. e4 e5 2. d4 exd4 3. Bc4 Nf6 4. Nf3 Nxe4 5. Qxd4 Nf6 6. Ne5 d5 7. Nc3 c5 8.
Qd3 Qe7 9. Bb5+ Bd7 10. f4 a6 11. Bxd7+ Nbxd7 12. O-O Nxe5 13. fxe5 Qxe5 14.
Bf4 Qd4+ 15. Qxd4 cxd4 16. Rae1+ Kd7 17. Nd1 Bb4 18. Re5 Bc5 19. Kh1 Bd6 20.
Rg5 Bxf4 21. Rxf4 Rae8 22. Kg1 Re1+ 23. Rf1 Rxf1+ 24. Kxf1 g6 25. Re5 Rc8 26.
Re2 Ng4 27. Rd2 Nxh2+ 28. Kg1 Ng4 29. Rxd4 Nf6 30. Ne3 Ke6 31. c3 b6 32. Nc2
Rc4 33. Rd1 Ke5 34. Kh2 Ra4 35. Ra1 Re4 36. Rf1 Ng4+ 37. Kg1 Re2 38. Re1 Rxe1+
39. Nxe1 Ke4 40. Nc2 Ne3 41. Ne1 Nd1 {Hossa resigns} 0-1

[Event "ICS rated blitz match"]
[Site "204.178.125.65"]
[Date "2000.05.29"]
[Round "?"]
[White "Hossa"]
[Black "MissSilicon"]
[Result "0-1"]
[WhiteElo "2438"]
[BlackElo "2689"]
[PlyCount "138"]
[EventDate "2000.??.??"]

1. e4 c5 2. Nc3 Nc6 3. g3 e5 4. Nf3 d6 5. Bc4 Be7 6. d3 Nf6 7. Bd2 O-O 8. h3
Na5 9. Bd5 Nxd5 10. Nxd5 Nc6 11. Nxe7+ Qxe7 12. Be3 f5 13. Bg5 Qf7 14. Be3 Qh5
15. Nh4 Qxd1+ 16. Kxd1 fxe4 17. dxe4 Be6 18. Kd2 b6 19. a4 Na5 20. Kd3 d5 21.
exd5 Bxd5 22. Rhd1 Nc4 23. Kc3 Nxe3 24. fxe3 Be4 25. g4 Rf2 26. Rd2 Rxd2 27.
Kxd2 Rf8 28. Nf5 g6 29. Ng3 Rf2+ 30. Ne2 Bxc2 31. a5 Be4 32. axb6 axb6 33. Re1
Rh2 34. Rf1 c4 35. Kd1 Rxh3 36. g5 Rxe3 37. Nc3 Bf5 38. Rg1 Rd3+ 39. Ke2 e4 40.
Ra1 Rg3 41. Ra8+ Kf7 42. Ra7+ Ke6 43. Rxh7 e3 44. Ke1 Kd6 45. Rh4 Rg4 46. Rxg4
Bxg4 47. Kf1 Ke5 48. Kg2 Kd4 49. Kf1 Bf3 50. Nb5+ Kd3 51. Ke1 e2 52. Nd6 Bd5
53. Nc8 b5 54. Ne7 Be4 55. Nc8 b4 56. Nb6 c3 57. bxc3 bxc3 58. Nd7 c2 59. Nc5+
Kc3 60. Nxe4+ Kd4 61. Nd2 c1=Q+ 62. Kxe2 Qc2 63. Kf3 Qc3+ 64. Kf4 Qxd2+ 65. Kg4
Qe3 66. Kh4 Ke4 67. Kg4 Qg1+ 68. Kh3 Kf3 69. Kh4 Qh2# {Hossa checkmated} 0-1

[Event "ICS rated blitz match"]
[Site "204.178.125.65"]
[Date "2000.05.29"]
[Round "?"]
[White "MissSilicon"]
[Black "Hossa"]
[Result "1-0"]
[WhiteElo "2695"]
[BlackElo "2432"]
[PlyCount "145"]
[EventDate "2000.??.??"]

1. d4 Nf6 2. c4 e6 3. Nc3 Bb4 4. Qc2 O-O 5. e4 c5 6. dxc5 Bxc5 7. Bf4 Nc6 8.
O-O-O e5 9. Bg5 Nd4 10. Qa4 d6 11. b4 Bb6 12. Kb2 Bd7 13. Qa3 a5 14. b5 Bc5 15.
Qa4 h6 16. Bxf6 Qxf6 17. f3 Qh4 18. Nge2 Qf2 19. Rd2 Qe3 20. Qd1 Ba3+ 21. Kxa3
Nxe2 22. Rxe2 Qxc3+ 23. Qb3 Qd4 24. Rc2 Rfc8 25. Be2 Qc5+ 26. Kb2 a4 27. Qd3
a3+ 28. Kb1 Be6 29. Rhc1 Rd8 30. Rd1 Rac8 31. g4 f6 32. h4 Bf7 33. Qd2 Rd7 34.
Bf1 Be6 35. Be2 b6 36. g5 fxg5 37. hxg5 h5 38. g6 h4 39. Qe1 h3 40. Qh4 Qb4+
41. Ka1 Rdc7 42. Qh7+ Kf8 43. Qh8+ Bg8 44. Qxh3 Qa4 45. Rdd2 Qb4 46. Qh4 Qc5
47. Rd1 Ke8 48. Qh8 Kf8 49. Qh5 Ke7 50. Qg5+ Ke8 51. Qg4 Kf8 52. Rh1 Qd4+ 53.
Kb1 Qc5 54. f4 Qb4+ 55. Ka1 Ke8 56. Rh8 Qe1+ 57. Bd1 Ke7 58. fxe5 dxe5 59. Qg5+
Kd6 60. Rd2+ Kc5 61. Rxg8 Rxg8 62. Qxe5+ Kb4 63. Qd6+ Rc5 64. Qd3 Rg5 65. Qb3+
Kc5 66. Qxa3+ Kxc4 67. Qd3+ Kb4 68. Qd4+ Kxb5 69. Rb2+ Qb4 70. Rxb4+ Kc6 71.
Rxb6+ Kc7 72. Qd6+ Kc8 73. Rb8# {Hossa checkmated} 1-0

[Event "ICS rated blitz match"]
[Site "204.178.125.65"]
[Date "2000.05.29"]
[Round "?"]
[White "Hossa"]
[Black "MissSilicon"]
[Result "1-0"]
[WhiteElo "2426"]
[BlackElo "2701"]
[PlyCount "145"]
[EventDate "2000.??.??"]

1. d4 f5 2. g3 d5 3. Bg2 c6 4. Nf3 e6 5. Bf4 Bd6 6. Bxd6 Qxd6 7. Nbd2 Nf6 8.
O-O O-O 9. Ng5 c5 10. dxc5 Qxc5 11. c4 dxc4 12. Qc2 c3 13. bxc3 Nc6 14. Rad1
Nd5 15. Bxd5 exd5 16. Nb3 Qe7 17. Qd2 Kh8 18. Nh3 Be6 19. Nf4 Rad8 20. Rfe1 Bg8
21. Nd3 Rd7 22. Nd4 Qf6 23. Nxc6 bxc6 24. Nc5 Re7 25. e3 Bf7 26. Rb1 Bh5 27.
Qd4 Kg8 28. Qxf6 Rxf6 29. Kg2 Re8 30. h3 g5 31. h4 gxh4 32. gxh4 Rg6+ 33. Kh2
Rg4 34. Rg1 Rxg1 35. Rxg1+ Kf7 36. Rb1 h6 37. Rb7+ Re7 38. Rb8 Kg7 39. Kg3 Kf6
40. Rh8 Kg7 41. Rc8 Be8 42. Nb3 Kf6 43. Nd4 Rg7+ 44. Kh2 Re7 45. Nxc6 Re4 46.
Kg2 Bd7 47. Rc7 Ke6 48. Nd4+ Kd6 49. Rxa7 Rxh4 50. f3 Bc8 51. Ra6+ Ke5 52. Rb6
f4 53. Nc6+ Kf6 54. Nb4+ Kg7 55. exf4 Rxf4 56. Nxd5 Ra4 57. Nb4 Bf5 58. Ra6
Rxa6 59. Nxa6 h5 60. a4 h4 61. Nc5 Kh6 62. a5 Bg6 63. a6 Be8 64. a7 Bc6 65. Ne6
Kh5 66. Nc7 Kg5 67. a8=R Bxa8 68. Nxa8 Kf4 69. c4 Ke5 70. c5 Kd5 71. c6 Kxc6
72. Kh3 Kd7 73. Kxh4 {MissSilicon resigns} 1-0

[Event "ICS rated blitz match"]
[Site "204.178.125.65"]
[Date "2000.05.29"]
[Round "?"]
[White "MissSilicon"]
[Black "Hossa"]
[Result "1-0"]
[WhiteElo "2674"]
[BlackElo "2453"]
[PlyCount "111"]
[EventDate "2000.??.??"]

1. c4 e6 2. Nf3 d5 3. g3 dxc4 4. Qa4+ Nc6 5. Qxc4 Nf6 6. Nc3 Nb4 7. Qb3 a5 8.
Bg2 Bd6 9. d4 O-O 10. O-O Bd7 11. e4 Be7 12. a3 a4 13. Qd1 Nc6 14. Re1 Ng4 15.
e5 f6 16. h3 Nh6 17. Bxh6 gxh6 18. Kh1 fxe5 19. dxe5 Be8 20. Qe2 Bh5 21. g4 Be8
22. Rad1 Qc8 23. Qe3 h5 24. g5 Rf5 25. Ne4 Kh8 26. Qc3 Rf8 27. Nd6 Qb8 28. Rd2
Bg6 29. Nb5 Ra5 30. Nfd4 Nxd4 31. Nxd4 Ra6 32. Qg3 Bc5 33. Nf3 Bb6 34. Rc1 Ba5
35. Rd4 Qe8 36. Rf4 Rg8 37. Rc5 Bb6 38. Rcc4 Qb5 39. Rb4 Qd7 40. Bf1 Ra5 41.
Rf6 Qd1 42. Kg2 Bf5 43. Qh4 Ra7 44. Bb5 Qb1 45. Bxa4 Ba5 46. Rd4 Qxb2 47. Rd7
Bb6 48. Rxf5 Rga8 49. Rxh7+ Kg8 50. Rh8+ Kxh8 51. Qxh5+ Kg8 52. Qf7+ Kh8 53.
Nh4 Qxf2+ 54. Rxf2 Rg8 55. Qh5+ Kg7 56. Rf7# {Hossa checkmated} 1-0

[Event "ICS rated standard match"]
[Site "204.178.125.65"]
[Date "2000.05.29"]
[Round "?"]
[White "Amateur"]
[Black "Hossa"]
[Result "1/2-1/2"]
[WhiteElo "2332"]
[BlackElo "2308"]
[PlyCount "71"]
[EventDate "2000.??.??"]

1. e4 c5 2. Nc3 Nc6 3. g3 e5 4. Bg2 Nf6 5. d3 d6 6. Nd5 Ne7 7. Nxf6+ gxf6 8.
Nf3 Bg7 9. O-O f5 10. Bd2 fxe4 11. dxe4 Bg4 12. Qe2 Nc6 13. Qc4 Be6 14. Qa4 O-O
15. c3 d5 16. exd5 Bxd5 17. Rfd1 Ne7 18. Qg4 f5 19. Qh4 Qd6 20. Bc1 b5 21. a4
a6 22. Bg5 Ng6 23. Qh5 e4 24. Nd2 Qb6 25. Be3 bxa4 26. Rxa4 Qxb2 27. Bxc5 Rf7
28. Bd4 a5 29. Bxg7 Kxg7 30. c4 Be6 31. Raa1 a4 32. Rab1 Qc3 33. Rbc1 Qb2 34.
Rb1 Qc3 35. Rbc1 Qb2 36. Rb1 1/2-1/2

[Event "ICS rated standard match"]
[Site "204.178.125.65"]
[Date "2000.05.29"]
[Round "?"]
[White "Hossa"]
[Black "Amateur"]
[Result "0-1"]
[WhiteElo "2309"]
[BlackElo "2331"]
[PlyCount "132"]
[EventDate "2000.??.??"]

1. d4 e6 2. Bf4 Nf6 3. e3 Nd5 4. Bg3 h5 5. h4 c5 6. c4 Nf6 7. Nf3 cxd4 8. exd4
Qb6 9. Qe2 Bb4+ 10. Nbd2 Bxd2+ 11. Qxd2 Ne4 12. Qe2 Qb4+ 13. Kd1 Nxg3 14. fxg3
Nc6 15. Kc2 Qa4+ 16. b3 Qa3 17. Kb1 a5 18. d5 Ne7 19. Nd4 Qc5 20. Nb5 d6 21.
Nc3 e5 22. Qd2 Bf5+ 23. Kb2 O-O 24. Na4 Qa7 25. Re1 f6 26. Rc1 Rad8 27. Nc3 Bg4
28. Nb5 Qb6 29. Qe1 Bd7 30. Na3 Qd4+ 31. Rc3 e4 32. Nc2 Qe5 33. Ne3 Rb8 34. a4
Rfc8 35. Be2 Rc5 36. g4 hxg4 37. Bxg4 f5 38. Bh3 Ng6 39. g3 Qf6 40. Qe2 Ne5 41.
Rd1 Re8 42. Qf1 Nd3+ 43. Rdxd3 exd3 44. Nd1 Re2+ 45. Kb1 Qd4 46. Qf3 Rd2 47.
Rc1 Rc8 48. Bf1 Bxa4 49. Qxf5 Rxc4 50. Bxd3 Rxd3 51. Rxc4 Rxb3+ 52. Kc1 Qxc4+
53. Kd2 Qd4+ 54. Kc1 Qxd1+ 55. Kxd1 Rf3+ 56. Qc2 Bxc2+ 57. Kxc2 Rxg3 58. Kd2 a4
59. Kc2 Rb3 60. Kd2 a3 61. Kd1 a2 62. Kc2 Ra3 63. Kb2 a1=Q+ 64. Kc2 Rc3+ 65.
Kd2 Qb2+ 66. Ke1 Rc1# {Hossa checkmated} 0-1

[Event "ICS rated standard match"]
[Site "204.178.125.65"]
[Date "2000.05.29"]
[Round "?"]
[White "PostModernist"]
[Black "Hossa"]
[Result "1/2-1/2"]
[WhiteElo "2321"]
[BlackElo "2294"]
[PlyCount "362"]
[EventDate "2000.??.??"]

1. d4 Nf6 2. c4 e6 3. g3 c5 4. d5 exd5 5. cxd5 Qa5+ 6. Bd2 Qb6 7. Nc3 Be7 8.
Bg2 O-O 9. Qb1 c4 10. Nf3 Bb4 11. O-O Re8 12. Qc2 Na6 13. Bg5 Bxc3 14. Qxc3 Ne4
15. Qc2 Qb5 16. Bf4 Nb4 17. Qb1 Nxd5 18. Nd4 Qc5 19. Bxe4 Nxf4 20. Bxh7+ Kh8
21. gxf4 Qxd4 22. e3 Qc5 23. Qf5 Qxf5 24. Bxf5 d5 25. Bc2 Bg4 26. f3 Bh3 27.
Rfd1 Rxe3 28. Rxd5 Re6 29. Be4 Rf8 30. Rg5 Rb6 31. b3 f5 32. Bd5 c3 33. Rg3 Rh6
34. Rc1 Rd8 35. Bxb7 Rd7 36. Ba6 Rxa6 37. Rxh3+ Kg8 38. Rxc3 Rxa2 39. Rc8+ Kf7
40. Rc1 Rb2 41. Rh5 Ke6 42. Rc6+ Ke7 43. Rc1 Rxb3 44. Rxf5 Rxf3 45. Re1+ Kd8
46. Rf8+ Kc7 47. Rc1+ Kb7 48. Rb1+ Ka6 49. Rfb8 Ra3 50. R8b2 Ra5 51. Kh1 Rf7
52. Rg2 Rb5 53. Ra1+ Kb6 54. Rg6+ Kc5 55. Rg5+ Kc6 56. Rg6+ Kb7 57. Rag1 Rbf5
58. Rxg7 Rxf4 59. R7g5 Rh4 60. Rb1+ Kc7 61. Ra1 Rf2 62. Rg2 Rxg2 63. Kxg2 a5
64. Rxa5 Rg4+ 65. Kf3 Rh4 66. Kg3 Re4 67. h4 Re3+ 68. Kf4 Rd3 69. h5 Kd6 70. h6
Ke6 71. Ra6+ Kf7 72. Rc6 Rd4+ 73. Kf5 Rd5+ 74. Kg4 Rd4+ 75. Kf3 Rd3+ 76. Ke4
Rg3 77. Ra6 Rg4+ 78. Kf5 Rg3 79. Rf6+ Ke7 80. h7 Rh3 81. Rc6 Kf7 82. Rc7+ Kf8
83. Rd7 Rh6 84. Kg5 Rh3 85. Kg6 Rg3+ 86. Kf6 Rf3+ 87. Ke6 Re3+ 88. Kd6 Rd3+ 89.
Kc6 Rc3+ 90. Kd5 Rd3+ 91. Ke4 Rh3 92. Rc7 Rh4+ 93. Ke5 Rh5+ 94. Kf4 Rh3 95. Rd7
Rh4+ 96. Kg3 Rh1 97. Rc7 Rh5 98. Kg4 Rh2 99. Ra7 Rh1 100. Rb7 Rg1+ 101. Kh4
Rh1+ 102. Kg3 Rh5 103. Ra7 Rh1 104. Kf4 Rf1+ 105. Ke4 Re1+ 106. Kf5 Rf1+ 107.
Kg5 Rg1+ 108. Kh4 Rh1+ 109. Kg3 Rh5 110. Kg2 Rg5+ 111. Kh2 Rh5+ 112. Kg1 Rg5+
113. Kf1 Rf5+ 114. Ke2 Re5+ 115. Kf2 Rf5+ 116. Ke1 Re5+ 117. Kd2 Rd5+ 118. Ke3
Re5+ 119. Kf4 Rh5 120. Rb7 Rh4+ 121. Ke5 Rh5+ 122. Kf6 Rh6+ 123. Kf5 Rh2 124.
Kg5 Rg2+ 125. Kh6 Rh2+ 126. Kg6 Rg2+ 127. Kh5 Rh2+ 128. Kg4 Rh6 129. Kg5 Rh2
130. h8=Q+ Rxh8 131. Kf6 Rh6+ 132. Ke5 Kg8 133. Rd7 Kh8 134. Kf4 Kg8 135. Kf5
Kh8 136. Rb7 Kg8 137. Kg5 Rh3 138. Kf6 Kh8 139. Rb1 Kg8 140. Rf1 Kh8 141. Rg1
Kh7 142. Kf5 Kh8 143. Kg6 Kg8 144. Rf1 Rh2 145. Rf5 Rh1 146. Rf2 Rg1+ 147. Kf6
Kh8 148. Kf7 Rh1 149. Kg6 Kg8 150. Rf3 Rg1+ 151. Kf6 Kh8 152. Rf4 Kg8 153. Rf5
Kh8 154. Kf7 Rh1 155. Rg5 Kh7 156. Ke6 Kh8 157. Rg2 Kh7 158. Kf6 Kh8 159. Kg6
Kg8 160. Rg3 Kh8 161. Rf3 Kg8 162. Rf4 Rg1+ 163. Kf6 Kh8 164. Rf2 Kg8 165. Rh2
Kf8 166. Rh8+ Rg8 167. Rh1 Ke8 168. Rh7 Kd8 169. Ke5 Ke8 170. Kd6 Kf8 171. Rc7
Ke8 172. Ke6 Kd8 173. Rd7+ Ke8 174. Ra7 Rg6+ 175. Kf5 Rh6 176. Ke5 Kf8 177. Rc7
Kg8 178. Kf5 Kh8 179. Ra7 Kg8 180. Ra4 Kh8 181. Kg5 Rh3 1/2-1/2

[Event "ICS rated standard match"]
[Site "204.178.125.65"]
[Date "2000.05.29"]
[Round "?"]
[White "Hossa"]
[Black "PostModernist"]
[Result "0-1"]
[WhiteElo "2295"]
[BlackElo "2320"]
[PlyCount "136"]
[EventDate "2000.??.??"]

1. d4 Nf6 2. c4 e6 3. Nc3 Bb4 4. Qc2 c5 5. Nf3 Nc6 6. a3 Nxd4 7. Nxd4 cxd4 8.
axb4 dxc3 9. bxc3 O-O 10. Bg5 h6 11. Bh4 b6 12. e4 e5 13. f3 Qe7 14. Qd2 Re8
15. Bf2 Bb7 16. Be2 Nh5 17. c5 Nf4 18. Bf1 Qe6 19. g3 Ng6 20. c4 Nf8 21. Be3
bxc5 22. Bxc5 a6 23. Be2 Qh3 24. Bd6 Qg2 25. O-O-O Ng6 26. Kb1 Bc6 27. Qe1 Qh3
28. Bf1 Qe6 29. Qc3 Ba4 30. Rd2 Rec8 31. Qa3 Bc6 32. h4 h5 33. c5 Ra7 34. Bh3
Qf6 35. Rhd1 Rca8 36. Bf1 Rb7 37. Rb2 Bb5 38. Bxb5 Rxb5 39. Bc7 Qc6 40. Bb6 Nf8
41. Ka1 Qg6 42. Rg2 Qe6 43. Rgd2 Qh3 44. Rg1 Ne6 45. Rb2 d6 46. Qa2 Nd4 47. Qd5
Rc8 48. Qxd6 Nxf3 49. Rgb1 Qxg3 50. Qd3 Qg4 51. Ra2 Nd4 52. Rxa6 Qxh4 53. Ra2
Qe7 54. Qh3 Qb7 55. Qxh5 Qxe4 56. Qh3 Ra8 57. Qc3 Rxa2+ 58. Kxa2 Nc6 59. Qh3 g6
60. Ba5 Nxa5 61. Qd7 Nc6 62. Ka1 Rb8 63. Qd1 Nxb4 64. Kb2 Qc4 65. Qd8+ Rxd8 66.
Rc1 Nd3+ 67. Ka1 Qxc1+ 68. Ka2 Qb2# {Hossa checkmated} 0-1

[Event "ICS rated standard match"]
[Site "204.178.125.65"]
[Date "2000.05.29"]
[Round "?"]
[White "georgie"]
[Black "Hossa"]
[Result "1-0"]
[WhiteElo "2002"]
[BlackElo "2280"]
[PlyCount "103"]
[EventDate "2000.??.??"]

1. d4 Nf6 2. c4 e6 3. Nf3 c5 4. Nc3 cxd4 5. Nxd4 Nc6 6. Ndb5 d6 7. Bf4 e5 8.
Bg5 a6 9. Na3 Be7 10. e3 O-O 11. Be2 Bf5 12. O-O Ne4 13. Bxe7 Nxe7 14. Nxe4
Bxe4 15. Bf3 Bxf3 16. Qxf3 Qb6 17. b3 Qc5 18. Nb1 d5 19. cxd5 Nxd5 20. Nd2 Rad8
21. Nc4 Qe7 22. e4 Nb4 23. Ne3 Rd2 24. a3 Nc2 25. Nf5 Qg5 26. Rad1 Nd4 27. Nxd4
exd4 28. h4 Qh6 29. Rxd2 Qxd2 30. Rd1 Qc3 31. Qd3 Qxd3 32. Rxd3 Rd8 33. f4 h5
34. Kf2 Kh7 35. Kf3 Rc8 36. e5 Rc2 37. g3 Ra2 38. a4 Rc2 39. Ke4 Rc3 40. Kxd4
Rxd3+ 41. Kxd3 Kg6 42. Ke4 a5 43. f5+ Kh6 44. Kd5 Kh7 45. Kd6 g6 46. Ke7 Kg8
47. f6 b6 48. e6 fxe6 49. f7+ Kh7 50. f8=Q e5 51. Kf6 e4 52. Qg7# {
Hossa checkmated} 1-0

[Event "ICS rated standard match"]
[Site "204.178.125.65"]
[Date "2000.05.29"]
[Round "?"]
[White "Amateur"]
[Black "Hossa"]
[Result "1-0"]
[WhiteElo "2355"]
[BlackElo "2253"]
[PlyCount "53"]
[EventDate "2000.??.??"]

1. e4 c5 2. Nf3 Nc6 3. d4 cxd4 4. Nxd4 e5 5. Nb5 d6 6. a4 Nf6 7. Bg5 Be6 8. Nd2
d5 9. exd5 Bxd5 10. Bc4 Bxg2 11. Rg1 Bh3 12. Bxf6 gxf6 13. Qh5 Qd7 14. O-O-O
O-O-O 15. Ne4 Qf5 16. Rxd8+ Kxd8 17. Qxf7 Qf4+ 18. Kb1 Be7 19. Rg8+ Rxg8 20.
Qxg8+ Kd7 21. Bf7 Nd8 22. Qe8+ Kc8 23. Qxe7 Qc1+ 24. Kxc1 Bd7 25. Ned6+ Kb8 26.
Qxd8+ Bc8 27. Qxc8# {Hossa checkmated} 1-0

[Event "ICS rated blitz match"]
[Site "204.178.125.65"]
[Date "2000.05.29"]
[Round "?"]
[White "Hossa"]
[Black "nyul"]
[Result "1-0"]
[WhiteElo "2446"]
[BlackElo "2168"]
[PlyCount "107"]
[EventDate "2000.??.??"]

1. d4 d5 2. Nf3 Nf6 3. e3 e6 4. Bd3 c6 5. c4 dxc4 6. Bxc4 Nbd7 7. Nc3 Bd6 8. e4
e5 9. dxe5 Nxe5 10. Nxe5 Bxe5 11. Qxd8+ Kxd8 12. Bg5 Be6 13. Bxf6+ Bxf6 14.
Bxe6 fxe6 15. O-O-O+ Ke7 16. Ne2 Rad8 17. f4 e5 18. g3 Rd7 19. Rxd7+ Kxd7 20.
Re1 Ke6 21. fxe5 Bxe5 22. Nf4+ Bxf4+ 23. gxf4 g6 24. Re2 Rf8 25. Rf2 c5 26. Kd2
b5 27. Ke3 c4 28. Rd2 Rc8 29. Rd1 a5 30. e5 b4 31. Rd6+ Ke7 32. Rd2 Ke6 33. Rc2
g5 34. Ke4 gxf4 35. Kxf4 Rc5 36. Rc1 Rxe5 37. Rxc4 Re2 38. Re4+ Rxe4+ 39. Kxe4
h6 40. h3 a4 41. Kd4 Kf5 42. Kc4 b3 43. axb3 axb3 44. Kxb3 Kf4 45. Kc4 Kg3 46.
b4 Kxh3 47. b5 h5 48. b6 Kg2 49. b7 h4 50. Kd4 h3 51. b8=Q h2 52. Qb2+ Kg1 53.
Ke3 h1=Q 54. Qf2# {nyul checkmated} 1-0

[Event "ICS rated standard match"]
[Site "204.178.125.65"]
[Date "2000.05.29"]
[Round "?"]
[White "Hossa"]
[Black "sofoklis"]
[Result "1-0"]
[WhiteElo "2242"]
[BlackElo "2049"]
[PlyCount "53"]
[EventDate "2000.??.??"]

1. d4 d5 2. Nf3 Nf6 3. e3 Bf5 4. c4 c6 5. cxd5 cxd5 6. Nc3 e6 7. Ne5 a6 8. g4
Bg6 9. h4 h6 10. Nxg6 fxg6 11. Bd3 Nc6 12. Bxg6+ Kd7 13. Bd2 Bd6 14. Rc1 Rf8
15. g5 Nb4 16. gxf6 Qxf6 17. Qg4 Qxf2+ 18. Kd1 Bg3 19. Na4 Qg2 20. Nc5+ Kc7 21.
Be4 Rf1+ 22. Be1 Rxe1+ 23. Rxe1 dxe4 24. Qxg7+ Kb6 25. Qxb7+ Ka5 26. Nb3+ Ka4
27. Qd7+ {sofoklis resigns} 1-0

[Event "ICS rated standard match"]
[Site "204.178.125.65"]
[Date "2000.05.29"]
[Round "?"]
[White "Hossa"]
[Black "Amateur"]
[Result "1-0"]
[WhiteElo "2243"]
[BlackElo "2366"]
[PlyCount "61"]
[EventDate "2000.??.??"]

1. d4 Nf6 2. c4 e6 3. Nf3 b6 4. a3 Bb7 5. Nc3 d5 6. Bg5 Be7 7. Qa4+ Nbd7 8.
cxd5 Nxd5 9. Nxd5 Bxg5 10. Nxc7+ Qxc7 11. Nxg5 O-O 12. e3 a6 13. Bd3 Bxg2 14.
Bxh7+ Kh8 15. Rg1 Qxh2 16. O-O-O Bc6 17. Qc2 Rac8 18. Kb1 g6 19. Bxg6 fxg6 20.
Qxg6 Rxf2 21. Ka1 Rf6 22. Nf7+ Rxf7 23. Qxf7 Bg2 24. Qxd7 Rc2 25. Qxe6 Rc7 26.
Rdf1 Kh7 27. Qf5+ Kh6 28. Qg4 Qxg1 29. Rxg1 Rc2 30. Rxg2 Rxg2 31. Qxg2 {
Amateur resigns} 1-0